000
00286nam a22001337a 4500
008
230906b ||||| |||| 00| 0 eng d
041
_a
eng
080
_a
94
082
_a
94DAM
100
_a
26
101
_a
HISTORI
245
_a
A HISTORY OF SCIENCE
_c
DAMPIER.C.W
942
_2
udc
_c
BK
999
_c
60257
_d
60257